Pád z řádu do chaosu projektového řízení

Teória chaosu v súčasnej matematike a fyzike. Usporiadanosť a organizovanie ako nevyhnutnosť k efektívnemu fungovaniu a dosahovaniu úspešných projektov. Stagnácia vo firme. Kedy smeruje firma k chaosu. Degradácia projektového manažmentu.

Na minha lista:
Detalhes bibliográficos
Autor principal: Lacko, Branislav
Formato: Capítulo de Livro
Idioma:tcheco
Assuntos:
Tags: Adicionar Tag
Sem tags, seja o primeiro a adicionar uma tag!

MARC

LEADER 00000naa a2200000 4500
001 0178286
005 20231211093558.7
041 0 |a cze 
044 |a CZ 
245 1 0 |a Pád z řádu do chaosu projektového řízení  |c Branislav Lacko 
520 |a Teória chaosu v súčasnej matematike a fyzike. Usporiadanosť a organizovanie ako nevyhnutnosť k efektívnemu fungovaniu a dosahovaniu úspešných projektov. Stagnácia vo firme. Kedy smeruje firma k chaosu. Degradácia projektového manažmentu. 
610 2 0 |a riadenie projektové 
610 2 0 |a riadenie podnikové 
610 2 0 |a projekty 
610 2 0 |a stagnácia 
610 2 0 |a firmy 
100 1 |a Lacko, Branislav